The word of words: a language reader

Guardado en:
Bibliografiske detaljer
Hovedforfatter: Keller, Helen /et.al
Format: Bog
Sprog:Undetermined
Udgivet: New York, Estados Unidos Houghton Mifflin 1967
Fag:
Tags: Tilføj Tag
Ingen Tags, Vær først til at tagge denne postø!

MARC

LEADER 00000nam a2200000Ia 4500
008 170316s9999 xx 000 0 und d
090 |a 410 K-2w 
100 |a Keller, Helen /et.al./ 
245 4 |a The word of words: a language reader 
260 |a New York, Estados Unidos 
260 |b Houghton Mifflin 
260 |c 1967 
300 |a 471 páginas 
650 |a LINGÜÍSTICA 
999 |c 18490  |d 18490 
040 |a cru BVZT 
942 |c 15 D  |h 410 K-2w  |2 z